| 000 | 01382cam a22004094a 4500 | ||
|---|---|---|---|
| 001 | muse16422 | ||
| 003 | MdBmJHUP | ||
| 005 | 20210127150925.0 | ||
| 006 | m o d | ||
| 007 | cr||||||||nn|n | ||
| 008 | 030515s2003 utu o 00 0 eng d | ||
| 010 | _z 2003011389 | ||
| 020 | _a9780874214833 | ||
| 020 | _z0874215676 | ||
| 020 | _z9780874215762 | ||
| 035 | _a(OCoLC)53924693 | ||
| 040 |
_aMdBmJHUP _cMdBmJHUP |
||
| 050 | 0 | 4 |
_aPS3552.I77234 _bS54 2003 |
| 082 | 0 |
_a811/.6 _221 |
|
| 100 | 1 | _aBishop, Suzette. | |
| 245 | 1 | 0 |
_aShe Took Off Her Wings And Shoes _cby Suzette Marie Bishop. |
| 264 | 1 | _bUtah State University Press, | |
| 264 | 3 | _bProject MUSE, | |
| 300 | _a1 online resource (x, 91 p.) | ||
| 506 | 0 |
_aOpen Access _fUnrestricted online access _2star |
|
| 588 | _aDescription based on print version record. | ||
| 655 | 7 |
_aElectronic books. _2local |
|
| 710 | 2 |
_aProject Muse. _edistributor |
|
| 830 | 0 | _aBook collections on Project MUSE. | |
| 856 | 4 | 0 |
_zFull text available: _uhttps://muse.jhu.edu/book/9274/ |
| 945 | _aProject MUSE - Archive Poetry, Fiction and Creative Non-Fiction Foundation | ||
| 945 | _aProject MUSE - Archive Complete Foundation | ||
| 999 |
_c23973 _d23973 |
||